Central Library OPAC University of Rajshahi

Books : (Record no. 61118)

MARC details
000 -LEADER
fixed length control field 00742nam a2200253 a 4500
001 - CONTROL NUMBER
control field 61118
003 - CONTROL NUMBER IDENTIFIER
rucl marc code BD-RjUL
005 - DATE AND TIME OF LATEST TRANSACTION
control field 20211209080926.0
008 - FIXED-LENGTH DATA ELEMENTS--GENERAL INFORMATION
fixed length control field 170115s19681964enka|||| |||| 001 0 eng d
020 ## - INTERNATIONAL STANDARD BOOK NUMBER
International Standard Book Number 416268501
035 ## - SYSTEM CONTROL NUMBER
System control number (BD-RjUL) 61242
040 ## - CATALOGING SOURCE
Original cataloging agency BD-RjUL
Language of cataloging eng
Transcribing agency BD-RjUL
041 ## - LANGUAGE CODE
Language code of text/sound track or separate title eng
082 ## - DEWEY DECIMAL CLASSIFICATION NUMBER
Edition number 23
Classification number 002.091
Author mark and year HAB 1968
100 ## - MAIN ENTRY--PERSONAL NAME
Personal name Harley, Esther S
9 (RLIN) 182389
245 10 - TITLE STATEMENT
Title Books :
Remainder of title from papyrus to paperback /
Statement of responsibility, etc. Esther S Harley; John Hampden
250 ## - EDITION STATEMENT
Edition statement 1 st ed.
260 ## - PUBLICATION, DISTRIBUTION, ETC. (IMPRINT)
Place of publication, distribution, etc. London :
Name of publisher, distributor, etc. Methuen,
Date of publication, distribution, etc. ©1964 [reprint 1968]
300 ## - PHYSICAL DESCRIPTION
Pagination 96 p. ;
Size 21 cm.
504 ## - BIBLIOGRAPHY, ETC. NOTE
Bibliography, etc includes index
650 ## - SUBJECT ADDED ENTRY--TOPICAL TERM
Topical term or geographic name as entry element Books
Form subdivision History
General subdivision Juvenile literature.
9 (RLIN) 182390
700 ## - ADDED ENTRY--PERSONAL NAME
Personal name Hampden, John
942 ## - ADDED ENTRY ELEMENTS (KOHA)
Source of classification or shelving scheme Dewey Decimal Classification
Koha item type Books
Holdings
Lost status Source of classification or shelving scheme Damaged status Not for loan Collection code Permanent Location Current Location Shelving location Date acquired Source of acquisition Cost, normal purchase price Total Checkouts Full call number Date last seen Copy number Koha item type
  Dewey Decimal Classification   Not For Loan Non-fiction Central Library, University of Rajshahi Central Library, University of Rajshahi Reading Room 26/08/1969 Zeetlinger 15.00   002.091 HAB 1968 15/01/2017 C-1 Books